000 00179 a2200097 4500
020 _a9780425213698
041 _aeng
100 _aSandi Ault
245 _aWild Indigo
942 _cBK
999 _c30538
_d30536